| 000 | 00000nam##2200000za#4500 |
| 001 | 9.643543 |
| 003 | CaOODSP |
| 005 | 20210624224222 |
| 007 | cr ||||||||||| |
| 008 | 150407|2001||||xxc|||||o f|0| 0 fre|d |
| 040 | |aCaOODSP|bfre |
| 043 | |an-cn--- |
| 086 | 1 |aR74-20/2001F-PDF |
| 110 | 1 |aCanada.|bAffaires indiennes et du Nord. |
| 245 | 10|aProgramme de surveillance des répercussions aquatiques cumulatives pour le bassin de la rivière Coppermine |h[ressource électronique] |
| 260 | |aOttawa - Ontario : |bAffaires indiennes et du Nord |c07 août 2001. |
| 300 | |a5p.|bcartes, tableau |
| 590 | |a15-02-Supp|b2015-02-16 |
| 691 | 07|aGestion de l'environnement|2gcpds |
| 775 | 08|tThe Cumulative Aquatic Effects Monitoring Program for the Coppermine River Basin |w(CaOODSP)9.699483 |
| 856 | 40|ahttp://publications.gc.ca|qPDF|s866 Ko|uhttps://publications.gc.ca/collections/collection_2014/aadnc-aandc/R74-20-2001-fra.pdf |